[Event "Ibiza-ch"]
[Site "Eivissa"]
[Date "2015.11.14"]
[Round "3"]
[White "Prohens Lopez, Laia"]
[Black "Tur Serra, Javier"]
[Result "1-0"]
[WhiteElo "1338"]
[BlackElo "1654"]
[PlyCount "45"]
[EventDate "2015.11.07"]
[EventType "swiss"]
[EventRounds "7"]
[EventCountry "ESP"]
[SourceTitle "EXT 2017"]
[Source "ChessBase"]
[SourceDate "2016.10.25"]
[SourceVersion "1"]
[SourceVersionDate "2016.10.25"]
[SourceQuality "1"]

1. e4 c5 2. Nf3 d6 3. d4 cxd4 4. Nxd4 Nf6 5. Nc3 e5 6. Nf3 Be6 7. Ng5 Qd7 8. Bb5 Nc6 9. 0-0 Be7 10. Qd3 0-0 11. Nd5 a6 12. Bxc6 bxc6 13. Nb6 Qb7 14. Nxa8 Rxa8 15. c4 d5 16. Nxe6 fxe6 17. cxd5 Rd8 18. Qc3 exd5 19. exd5 Rxd5 20. Re1 Bb4 21. Qe3 Qd7 22. Rf1 Rd1 23. Qb3+ 1-0

[Event "Ibiza Eivissa op 4th"]
[Site "Eivissa"]
[Date "2015.02.08"]
[Round "4"]
[White "Prohens Costa, Armando"]
[Black "Tur Serra, Javier"]
[Result "1-0"]
[WhiteElo "1625"]
[BlackElo "1334"]
[PlyCount "73"]
[EventDate "2015.01.31"]
[EventType "swiss"]
[EventRounds "7"]
[EventCountry "ESP"]
[SourceTitle "EXT 2016"]
[Source "ChessBase"]
[SourceDate "2015.10.08"]
[SourceVersion "1"]
[SourceVersionDate "2015.10.08"]
[SourceQuality "1"]

1. d4 Nf6 2. c4 e6 3. Nc3 Bb4 4. Qc2 0-0 5. a3 Be7 6. Nf3 d6 7. e4 c5 8. d5 exd5 9. exd5 Bg4 10. Be2 Nbd7 11. 0-0 Ne5 12. Nxe5 dxe5 13. Bxg4 Nxg4 14. h3 Nf6 15. Be3 a6 16. Rfd1 Qc7 17. Rd3 Rad8 18. Bg5 Ne8 19. Bxe7 Qxe7 20. Re3 f5 21. Rae1 Qh4 22. Rxe5 Nd6 23. b3 f4 24. f3 Rde8 25. Rxe8 Rxe8 26. Rxe8+ Nxe8 27. Qe2 Nf6 28. Qf2 Qxf2+ 29. Kxf2 Kf7 30. Ne4 Nxe4+ 31. fxe4 Kf6 32. Ke2 Ke5 33. Kd3 g5 34. Ke2 h5 35. Kf3 b6 36. g3 fxg3 37. Kxg3 1-0

[Event "Ibiza Eivissa op 4th"]
[Site "Eivissa"]
[Date "2015.02.07"]
[Round "3"]
[White "Tur Serra, Javier"]
[Black "Martinez Colomar, Alejandro"]
[Result "0-1"]
[WhiteElo "1334"]
[BlackElo "1808"]
[PlyCount "44"]
[EventDate "2015.01.31"]
[EventType "swiss"]
[EventRounds "7"]
[EventCountry "ESP"]
[SourceTitle "EXT 2016"]
[Source "ChessBase"]
[SourceDate "2015.10.08"]
[SourceVersion "1"]
[SourceVersionDate "2015.10.08"]
[SourceQuality "1"]

1. e4 c5 2. Nf3 d6 3. d4 cxd4 4. Nxd4 Nf6 5. Nc3 g6 6. Bc4 Bg7 7. Be3 0-0 8. 0-0 Ng4 9. Qd3 Nxe3 10. Qxe3 Nc6 11. Nxc6 bxc6 12. Na4 Qa5 13. Bb3 Rb8 14. Rab1 Rb5 15. Qe1 Qc7 16. c4 Rh5 17. Bd1 Rh6 18. h3 c5 19. Kh2 d5+ 20. f4 d4 21. g4 g5 22. e5 gxf4 0-1